Central Library OPAC University of Rajshahi

Macbeth / (Record no. 77646)

MARC details
000 -LEADER
fixed length control field 00961nam a2200289 a 4500
001 - CONTROL NUMBER
control field 77646
003 - CONTROL NUMBER IDENTIFIER
rucl marc code BD-RjUL
005 - DATE AND TIME OF LATEST TRANSACTION
control field 20211209083015.0
008 - FIXED-LENGTH DATA ELEMENTS--GENERAL INFORMATION
fixed length control field 151229s19881962enk 000 0 eng d
035 ## - SYSTEM CONTROL NUMBER
System control number (CStRLIN)NYCG86-B33707
System control number (BD-RjUL)77872
040 ## - CATALOGING SOURCE
Original cataloging agency NNC
Transcribing agency NNC
Language of cataloging eng
Modifying agency BD-RjUL
041 ## - LANGUAGE CODE
Language code of text/sound track or separate title eng
082 ## - DEWEY DECIMAL CLASSIFICATION NUMBER
Edition number 23
Classification number 822.33
Author mark and year SHM 1962
100 1# - MAIN ENTRY--PERSONAL NAME
Personal name Shakespeare, William,
Dates associated with a name 1564-1616.
9 (RLIN) 118980
245 10 - TITLE STATEMENT
Title Macbeth /
Statement of responsibility, etc. William Shakespeare; edited by Kenneth Muir.
250 ## - EDITION STATEMENT
Edition statement 9th ed.
260 ## - PUBLICATION, DISTRIBUTION, ETC. (IMPRINT)
Place of publication, distribution, etc. London :
Name of publisher, distributor, etc. Methuen ;
Date of publication, distribution, etc. c1962,
300 ## - PHYSICAL DESCRIPTION
Pagination lxv, 204 p. ;
Size 21 cm.
490 1# - SERIES STATEMENT
Series statement Arden edition of the works of William Shakespeare
Series statement Arden Shakespeare
504 ## - BIBLIOGRAPHY, ETC. NOTE
Bibliography, etc Includes bibliographical references.
600 ## - SUBJECT ADDED ENTRY--PERSONAL NAME
Personal name Shakespeare, William,
Dates associated with a name 1564-1616.
Title of a work Macbeth.
Personal name Macbeth,
Titles and other words associated with a name King of Scotland,
Dates associated with a name active 11th century
General subdivision Juvenile drama.
700 1# - ADDED ENTRY--PERSONAL NAME
Personal name Muir, Kenneth.
942 ## - ADDED ENTRY ELEMENTS (KOHA)
Source of classification or shelving scheme Dewey Decimal Classification
Koha item type Books
Holdings
Lost status Source of classification or shelving scheme Damaged status Not for loan Collection code Permanent Location Current Location Shelving location Date acquired Source of acquisition Cost, normal purchase price Total Checkouts Full call number Date last seen Copy number Koha item type
  Dewey Decimal Classification   Not For Loan Non-fiction Central Library, University of Rajshahi Central Library, University of Rajshahi Reading Room 13/04/1964 Zeitlinger 21.00   822.33 SHM 1962 17/12/2020 C-1 Books
  Dewey Decimal Classification     Non-fiction Central Library, University of Rajshahi Central Library, University of Rajshahi   13/04/1964 Zeitlinger 21.00   822.33 SHM 1962 17/12/2020 C-2 Books